000 00603nam a2200241 a 4500
001 0001-1265
003 ELIB.Books
008 150618 2010 eng
020 _a10: 1426200420
035 _a(ELIB.Books)0001-1420
092 _a227
_bKas
100 _aKasser, Rodolphe
245 _aThe Gospel of Judas
260 _aWashington, DC.
_bNational Geographic.
_c2006
300 _a185
_c21 Cm
500 _aLibrary
650 _aIntertestament
856 _nKBTS: Library
_uKBTS: Elib
942 _2ddc
_cBK
990 _a1
998 _cbat
_e2015-06-18
999 _c11265
_d11265